Vista normal Vista MARC

Entrada Personal Name

Número de registros utilizados en: 1

001 - CONTROL NUMBER

  • control field: 9095

003 - CONTROL NUMBER IDENTIFIER

  • control field: OSt

005 - DATE AND TIME OF LATEST TRANSACTION

  • control field: 20200821233231.0

008 - FIXED-LENGTH DATA ELEMENTS

  • fixed length control field: 200821|| aca||aabn | a|a d

040 ## - CATALOGING SOURCE

  • Original cataloging agency: OSt
  • Transcribing agency: OSt

100 ## - HEADING--PERSONAL NAME

  • Personal name: Henao Ospina, Marino Tadeo

670 ## - SOURCE DATA FOUND

  • Source citation: Work cat.: (OSt)4605: Henao Ospina, Marino Tadeo, autor, Selección de jueces de altas cortes en el derecho público comparado / , ©2016